[Event "GRE-ch U20"]
[Site "Chania"]
[Date "2017.01.04"]
[Round "1"]
[White "Pelantakis, Fotios"]
[Black "Samaridis, Konstantinos"]
[Result "0-1"]
[WhiteElo "1231"]
[BlackElo "2000"]
[PlyCount "30"]
[EventDate "2017.01.02"]
[EventType "swiss"]
[EventRounds "9"]
[EventCountry "GRE"]
[SourceTitle "EXT 2024"]
[Source "ChessBase"]
[SourceDate "2023.10.10"]
[SourceVersion "1"]
[SourceVersionDate "2023.10.10"]
[SourceQuality "1"]

1. c4 Nf6 2. Nc3 g6 3. g3 Bg7 4. Bg2 0-0 5. Nf3 d6 6. 0-0 Nc6 7. d3 e5 8. Nd2 Be6 9. b4 d5 10. b5 Ne7 11. c5 c6 12. a4 Qa5 13. Bb2 Nd7 14. Nb3 Qb4 15. e3 d4 0-1

[Event "GRE-ch U20"]
[Site "Chania"]
[Date "2017.01.04"]
[Round "3"]
[White "Pelantakis, Fotios"]
[Black "Tzagarakis, Panagiotis"]
[Result "0-1"]
[WhiteElo "1231"]
[BlackElo "1682"]
[PlyCount "60"]
[EventDate "2017.01.02"]
[EventType "swiss"]
[EventRounds "9"]
[EventCountry "GRE"]
[SourceTitle "EXT 2024"]
[Source "ChessBase"]
[SourceDate "2023.10.10"]
[SourceVersion "1"]
[SourceVersionDate "2023.10.10"]
[SourceQuality "1"]

1. c4 Nf6 2. Nc3 e6 3. Nf3 d5 4. d4 c6 5. e3 Nbd7 6. Bd3 dxc4 7. Bxc4 Bd6 8. e4 e5 9. dxe5 Nxe5 10. Nxe5 Bxe5 11. Qxd8+ Kxd8 12. Bg5 Ke8 13. Rd1 h6 14. Be3 b5 15. Be2 Be6 16. Bd4 Bxd4 17. Rxd4 Ke7 18. a3 Rhd8 19. Rd1 Bb3 20. Rxd8 Rxd8 21. 0-0 Rd2 22. e5 Nd5 23. Nxd5+ Bxd5 24. Bg4 Rxb2 25. Bh3 g5 26. g3 Ra2 27. f4 g4 28. Rf2 Rxf2 29. Kxf2 gxh3 30. g4 a5 0-1